书目信息 |
| 题名: |
现行道路与桥梁工程实用技术与标准规范大全
|
|
| 作者: | 张敏 主编 | |
| 分册: | 2 | |
| 出版信息: | 长春 长春出版社 |
|
| 页数: | 共6卷 | |
| 开本: | 26cm | |
| 丛书名: | ||
| 单 册: | ||
| 中图分类: | U41-65 | |
| 科图分类: | ||
| 主题词: | 道路工程 | |
| 电子资源: | ||
| ISBN: | 7-80604-914-2 | |
| 000 | 00627nam0 2200193 45 | |
| 001 | 1254506299 | |
| 005 | 20120417151202.67 | |
| 010 | @a7-80604-914-2@dRMB 1180.00 | |
| 100 | @a20020327d km y0chiy0120 ea | |
| 101 | 0 | @achi |
| 102 | @aCN@b220000 | |
| 200 | 1 | @a现行道路与桥梁工程实用技术与标准规范大全@AXian Xing Dao Lu Yu Qiao Liang Gong Cheng Shi Yong Ji Shu Yu Biao Zhun Gui Fan Da Quan@h2@f张敏主编@FZhang Min Zhu Bian |
| 210 | @a长春@c长春出版社 | |
| 215 | @a共6卷@d26cm | |
| 606 | 0 | @a道路工程 |
| 690 | @aU41-65@v3 | |
| 701 | 0 | @a张敏@AZhang Min@4主编 |
| 801 | 0 | @aCN@bPFT@c20020327 |
| 905 | @a安徽大学@dU41-65@eZH.506:2 | |
| 现行道路与桥梁工程实用技术与标准规范大全.2/张敏主编.-长春:长春出版社 |
| 共6卷;26cm |
| ISBN 7-80604-914-2:RMB 1180.00 |
| ● |
| 相关链接 |
|
|
|
正题名:现行道路与桥梁工程实用技术与标准规范大全
索取号:U41-65/ZH.506:2
 
预约/预借
| 序号 | 登录号 | 条形码 | 馆藏地/架位号 | 状态 | 备注 |
| 1 | 485158 | 204851589 | 土木与交通工程学院资料室/ [索取号:U41-65/ZH.506:2] | 在馆 |